Logo BPK

Biblioteka

Politechniki Koszalińskiej

Komentarz do kodeksu cywilnego. (Rekord nr 39723)

Szczegóły MARC
000 -ETYKIETA REKORDU
podpole kontrolne o stałej długości 00987nam a2200253 i 4500
001 - NUMER KONTROLNY REKORDU
pole kontrolne bg
020 ## - MIĘDZYNARODOWY ZNORMALIZOWANY NUMER KSIĄŻKI - ISBN
ISBN 8388296620 (ks. 3 t. 2)
040 ## - ŹRÓDŁO KATALOGOWANIA
Instytucja, która utworzyła rekord BPK
041 0# - KOD JĘZYKA
Kod języka tekstu pl
080 ## - UNIWERSALNA KLASYFIKACJA DZIESIĘTNA - UKD
UKD 347.41/.43(438)(094.4.07)
920 ## - Międzynarodowy znormalizowany numer książki – ISBN
ISBN 83-88296-62-0 (ks. 3 t. 2)
008 - POLE O STAŁEJ DŁUGOŚCI - DANE KONTROLNE
podpole kontrolne o stałej długości s pl f |000 0 pol
245 00 - TYTUŁ/ODPOWIEDZIALNOŚĆ
Tytuł Komentarz do kodeksu cywilnego.
Oznaczenie części/sekcji dzieła Ks.3.
-- T. 2,
Tytuł części/sekcji dzieła Zobowiązania /
Pozostałe elementy strefy tytułu i oznaczenia odpowiedzialności Gerard Bieniek [et al.] ; pod red. Gerarda Bieńka ; [poszczeg. cz. Komentarza oprac. Gerard Bieniek et al.].
250 ## - STREFA WYDANIA
Oznaczenie wydania Wyd. 3 zm. wg stanu prawnego na dzień 15 marca 2001 r.
260 ## - STREFA ADRESU WYDAWNICZEGO
Miejsce wydania Warszawa :
Nazwa wydawcy/dystrybutora Wydaw. Prawnicze,
Data publikacji, dystrybucji/powstania dokumentu 2001.
300 ## - STREFA OPISU FIZYCZNEGO
Objętość 771, [1] s. ;
Rozmiary 25 cm.
490 1# - STREFA SERII I DOKUMENTU WIELOCZĘŚCIOWEGO - FORMA NIE DO WYSZUKIWANIA
Tytuł i oznaczenie odpowiedzialności serii Komentarze Wydawnictwa Prawniczego
500 ## - UWAGI OGÓLNE
Tekst uwagi Aut. ks. 1: Stanisław Dmowski, Stanisław Rudnicki.
504 ## - UWAGA DOTYCZĄCA BIBLIOGRAFII
Informacje o bibliografii Bibliogr. przy rozdz. - Indeks.
650 #9 - HASŁO PRZEDMIOTOWE W FORMIE NAZWY OGÓLNEJ LUB JEDNOSTKOWEJ
Nazwa ogólna lub geograficzna Prawo zobowiązaniowe
Określnik geograficzny Polska
Określnik chronologiczny stan na 2001 r.
700 1# - HASŁO DODATKOWE - NAZWA OSOBOWA
Nazwa osobowa BIENIEK, Gerard
Daty związane z nazwą (1941-2011).
830 ## - HASŁO DODATKOWE SERII LUB DOKUMENTU WIELOCZĘŚCIOWEGO - TYTUŁ UJEDNOLICONY
Tytuł ujednolicony Komentarze Wydawnictwa Prawniczego
856 ## - LOKALIZACJA I DOSTĘP DO ELEKTRONICZNYCH DOKUMENTÓW ZDALNYCH
Link (URL) http://koha.tu.koszalin.pl/cgi-bin/koha/opac-detail.pl?biblionumber=39723
Tekst linku Katalog online BPK
942 ## - DODATKOWE ELEMENTY (KOHA)
Typ dokumentu Książka
Egzemplarze
Wycofany Status egzemplarza Uszkodzony Dostępność Lokalizacja stała Lokalizacja bieżąca Miejsce przechowywania Sygnatura Kod kreskowy Typ dokumentu
      Tylko na miejscu Biblioteka Politechniki Koszalińskiej Biblioteka Politechniki Koszalińskiej Czytelnia Wydziałowa ul. Kwiatkowskiego 6e 59384 01570922 Książka
© 2023 Biblioteka Politechniki Koszalińskiej :: KOHA